MDQL
is popping MORE tags! Check the
thread
!
Quizzes
Events
Quiz Creation
Community
Videos
Private Events
Remove Ads
Sign In
Join for FREE
Feedback
Dark Mode
Quiz Categories
Sports
Geography
Music
Movies
Television
Just For Fun
Miscellaneous
History
Literature
Language
Science
Gaming
Entertainment
Religion
Holiday
For Kids
Quiz Lab
Recent
Popular Today
Quiz Kudos Today
Editor Picks
Curator Picks
Quizzes by...
Day
Popularity
Type
Ratings
Length
Year
Community
Subscriptions
Recent Discussions
Orange Saloon
Badges
Playlists
Quests
Create
Leaderboards
Showdown
Live 5
Trivia Bingo
Activity
Puzzle Library
Sporcle Events
Private Events
Virtual Trivia
Globe League
Become a Host
Pub Owners
SporcleCon
Opinionation
Our Games
Videos
Blog
Mobile Apps
Partnerships
Remove Ads and Go Orange
Feedback
Miscellaneous
Crossword
General Knowledge
Baby Names
Logo
Food
Cars
Numbers
Grab Bag
University
College
Popular
Company
Slogans
Restaurants
Justice
Letter
Miscellaneous
Crossword
General Knowledge
Baby Names
Logo
Food
Cars
Numbers
Grab Bag
University
College
Popular
Company
Slogans
Restaurants
Justice
Letter
Random Quiz
Search Sporcle
×
Quiz Lab
Quiz Lab
Miscellaneous
World
Type in answers that appear in a list
Type in answers that appear in a list
Classic
Best Score? Go Orange.
Countries Rainbow Game Stats
Can you name the countries of the world whose names start with the colours of the rainbow?
By
alidee
3m
46 Questions
276 Plays
276 Plays
276 Plays
Comments
Comments
Give Quiz Kudos
Give Quiz Kudos
-
- Ratings
hide this ad
Replay
Link that replays current quiz
Next Quiz
Link to next quiz in quiz playlist
You Got
0%
They Got
Avg Score
45%
Avg Friend Score
Upgrade to see
Score Distribution
Jump to the score distribution portion of the page
Score
0/46
Timer
03:00
0
Plays Today
% Correct
'Y'emen
75.4%
'R'ussia
71.4%
'O'man
70.7%
'R'omania
63%
'R'wanda
62.7%
'I'ndia
62.7%
'G'ermany
57.6%
'I'reland
55.8%
'B'elgium
54.7%
'B'razil
54.7%
'G'reece
54%
'V'enezuela
52.2%
'B'olivia
50.7%
'I'celand
50.4%
'I'ndonesia
48.9%
'I'taly
48.2%
'I'ran
47.5%
'I'raq
47.5%
'B'ulgaria
47.1%
'G'uinea
46%
'G'uyana
45.7%
'V'ietnam
45.7%
'V'atican City
45.3%
% Correct
'G'hana
44.9%
'G'renada
44.9%
'B'otswana
43.5%
'V'anuatu
42.8%
'B'hutan
42%
'B'elarus
40.9%
'G'uatemala
40.6%
'I'srael
40.2%
'G'uinea-Bissau
39.9%
'B'elize
39.9%
'G'ambia
38.8%
'B'runei
38.4%
'G'abon
37.7%
'B'urundi
35.9%
'B'ahrain
35.1%
'B'ahamas
34.8%
'B'angladesh
33.7%
'B'arbados
33.7%
'B'enin
33%
'R'epublic of the Congo
31.9%
'B'osnia and Herzegovina
28.6%
'G'eorgia
28.3%
'B'urkina Faso
26.1%
Quiz Playlist
Details
Report
Send in Message
Add To Playlist
Classic:
Type in answers that appear in a list
Last Updated: Feb 16, 2017
Quiz Scoreboard
CHALLENGE
Sign Up to Join the Scoreboard
Show All
Scores
Hide
Comments
May contain spoilers
Recently Published
Holiday 10x10 Sorting Gallery
by lukepisani3
Holiday
15m
Two Season TV Shows II
by 123Four
Television
10m
Image Sorting: Flags VI
by Barbecue
Geography
2m
More to Explore
Quiz From the Vault
Featured Blog Post
14 Easter Pick-up Lines to Find Eggs With
hide this ad
You Might Also Like...
Tags
Board Games Quiz
Color Quiz
Country Quiz
World Quiz
Rainbow
start
Today's Top Quizzes in Miscellaneous
Browse Miscellaneous
hide this ad
Today's Top Quizzes in World
Browse World
Top Contributed Quizzes in Miscellaneous
1
The JOE quick-fire general knowledge quiz: Day 174
2
9x9 Crossword: Disney Movie Titles
3
The JOE quick-fire general knowledge quiz: Day 173
4
5-to-1: Fast Food
5
9x9 Crossword: Charlie and the Chocolate Factory
6
9x9 Crossword: The Simpsons
7
9x9 Crossword: Flags
8
9x9 Crossword: Actors
9
9x9 Crossword: 2022 Movies
10
9x9 Crossword: Pixar Movie Titles
Explore More
Trending Topics
Anime
Marvel
Crossword
Kpop
NBA
Harry Potter
Disney
Country
Pokémon
WWE
NFL
The Office
Song
Soccer
Puzzle
hide this ad
More By:
alidee
Quiz
Plays
Rating
Category
Featured
Created
Mixed Word: Mystery Country II
61,675
4.37
Just For Fun
Oct 7, 2009
Mixed Word: Mystery Country
60,375
4.36
Just For Fun
Oct 6, 2009
Around the world in 60 seconds *HARD*
10,794
1.81
Geography
Aug 10, 2010
Geography Family Feud
9,934
2.00
Geography
Mar 18, 2010
Family Feud
9,501
2.85
Miscellaneous
Dec 1, 2009
Go to Creator's Profile
Score Distribution
Quiz Creator Spotlight
alidee
Follow
Send a Message
Quizzes Created
-
Created Quiz Play Count
-
More By This Creator
Popular Quizzes Today
1
Find the US States - No Outlines Minefield
2
Colored Red Africa Blitz
3
Find the 'City' Movie
4
The Countries of the World
5
5x2 Blitz: Bands
6
Find the Countries of Europe - No Outlines Minefield
7
Find the US States
8
US States
More Miscellaneous Quizzes
Find Five: Italian Things
Published
Trending Quizzes
Colored Red Europe Blitz I
Colored Red Europe Blitz II
Colored Red Africa Blitz II
Colored Red Europe Blitz III
Colored Red Africa Blitz III
Recently Updated
Odd Team Out - Big 4 Players
pecheneg
Quick Pick: 20 Twenties
pecheneg
March Madness Men's Triple Doubles
pecheneg
How Do You Spell That?
pecheneg
Godzilla Movies
pecheneg
Grab Bag: 4-10 Letters
pecheneg
2024 March Madness Bracket
pecheneg
Famous TV Couples
Peacemaker
Champions League XIs: Real Madrid
pecheneg
Largest US Cities 1790-2010
pecheneg
Trending Topics
Kpop
Marvel
Crossword
Anime
Harry Potter
Disney
NBA
Puzzle
Song
Pokémon
NFL
The Office
Soccer
Country
WWE
Your Account Isn't Verified!
In order to create a playlist on Sporcle, you need to verify the email address you used during registration. Go to your
Sporcle Settings
to finish the process.
Report this User
Report this user for behavior that violates our
Community Guidelines
.
Details:
Send Report
Go to the Sporcle.com Mobile Site →
Comments